00404pab a2200145 454500008004000000100002000040245006000060260000900120300001300129362001200142650003700154650003700191650001200228773001800240180718b2009 xxu||||| |||| 00| 0 eng d aGarada, Natabar aAgrarian distress and farmer suicides in Andhra Pradesh c2009 ap.66-78. aJan-Mar aSuicide - India - Andhra Pradesh aFarmers - India - Andhra Pradesh aFarmers aSocial Action